000 00690cam a2200217 4500
001 D10934
008 090401t1974 xxu||||| |||| 00| 0 eng d
022 _a0305-4713
035 _a(Sirsi) u96996
041 _aeng
050 _a346.41104342
100 _aKennedy, Peter John Francis
245 _aPoints to remember in preparing cottage leases in Scotland
260 _c1974
350 _a0
490 _aLand Agency and Agriculture Practice Leaflet
_v12
520 _aIn: RICS Land Agency and Agriculture Division.Practice leaflets. 1974/9
710 _aRoyal Institution of Chartered Surveyors. Land Agency and Agriculture Division
_91449
942 _n0
948 _c04/03/1997
999 _c98757
_d98757